书目信息 |
| 题名: |
马克思主义原理
|
|
| 作者: | 卢恒显 主编 | |
| 分册: | ||
| 出版信息: | 北京 北京师范学院出版社 1988.12 |
|
| 页数: | 401页 | |
| 开本: | 20cm | |
| 丛书名: | ||
| 单 册: | ||
| 中图分类: | A81 | |
| 科图分类: | ||
| 主题词: | 马恩著作--学习 , 马恩著作研究 | |
| 电子资源: | ||
| ISBN: | 7-81014-268-2 | |
| 000 | 00631nam0 2200229 45 | |
| 001 | 0189016545 | |
| 005 | 20060413142458.48 | |
| 010 | @a7-81014-268-2@dCNY4.85 | |
| 020 | @aCN@b89016545 | |
| 100 | @a19910513d1988 m y0chiy0120 ea | |
| 101 | 0 | @achi |
| 102 | @aCN@b110000 | |
| 105 | @ay z 000yy | |
| 200 | 10 | @a马克思主义原理@Ama ke si zhu yi yuan li@f卢恒显主编@Flu heng xian zhu bian |
| 210 | @a北京@c北京师范学院出版社@d1988.12 | |
| 215 | @a401页@d20cm | |
| 606 | @a马恩著作@x学习 | |
| 606 | 0 | @a马恩著作研究 |
| 690 | @aA81@v4 | |
| 701 | 0 | @a卢恒显@Alu heng xian@4主编 |
| 801 | 0 | @aCN@bNLC@c20060413 |
| 905 | @dA81@e124 | |
| 马克思主义原理/卢恒显主编.-北京:北京师范学院出版社,1988.12 |
| 401页;20cm |
| ISBN 7-81014-268-2:CNY4.85 |
| ● |
| 相关链接 |
|
|
|
|
正题名:马克思主义原理
索取号:A81/124
 
预约/预借
| 序号 | 登录号 | 条形码 | 馆藏地/架位号 | 状态 | 备注 |
| 1 | 0219008 | 001981341 | 第一借阅区/ [索取号:A81/124] | 在馆 | |
| 2 | 0219009 | 001980574 | 第一样本阅览室/ [索取号:A81/124] | 在馆 | |
| 3 | 0219010 | 202251160 | 密集书库/ [索取号:A81/124] | 在馆 |